| 000 | 00640nam a2200229Ia 4500 | ||
|---|---|---|---|
| 003 | OSt | ||
| 005 | 20220928140505.0 | ||
| 006 | a|||||r|||| 00| 0 | ||
| 007 | ta | ||
| 008 | 220927b |||||||| |||| 00| 0 eng d | ||
| 024 | _a8860 | ||
| 037 | _cTextual | ||
| 040 |
_aSDCL _cSDCL _beng |
||
| 041 |
_2eng _aeng |
||
| 082 | _aD6,8(B),2771ob22, N7 | ||
| 100 |
_aOrmes Sarah Ed. _9495462 |
||
| 245 | 0 | _aInternet networking and the public library | |
| 260 | _c1997 | ||
| 700 |
_a Dempsey Lorcan Ed. _9495463 |
||
| 942 |
_hD6,8(B),2771ob22, N7 _cTEXL _2CC |
||
| 999 |
_c811658 _d811658 |
||